American political thoughts : (Record no. 124330)

MARC details
000 -LEADER
fixed length control field 00668nam a22002177a 4500
005 - DATE AND TIME OF LATEST TRANSACTION
control field 20170124105938.0
010 ## - LIBRARY OF CONGRESS CONTROL NUMBER
LC control number 841145
020 ## - INTERNATIONAL STANDARD BOOK NUMBER
Terms of availability 00.00
035 ## - SYSTEM CONTROL NUMBER
System control number 841145
037 ## - SOURCE OF ACQUISITION
Source of stock number/acquisition Cen Lib/Ret
040 ## - CATALOGING SOURCE
Original cataloging agency DPL
Language of cataloging EN
082 ## - DEWEY DECIMAL CLASSIFICATION NUMBER
Classification number 320.10973
Edition number AME
245 ## - TITLE STATEMENT
Title American political thoughts :
Statement of responsibility, etc edited by John P. Roche
Remainder of title from jefferson to progressivism /
260 ## - PUBLICATION, DISTRIBUTION, ETC. (IMPRINT)
Place of publication, distribution, etc Calcutta
Name of publisher, distributor, etc Scientific book agency
Date of publication, distribution, etc 1952
270 ## - ADDRESS
Address 22 Raja woodmunt
City Calcutta
300 ## - PHYSICAL DESCRIPTION
Extent 286p.
Dimensions 21cm(Hb)
650 ## - SUBJECT ADDED ENTRY--TOPICAL TERM
Topical term or geographic name as entry element Political sicence
9 (RLIN) 10385
650 ## - SUBJECT ADDED ENTRY--TOPICAL TERM
Topical term or geographic name as entry element Political thughts
Geographic subdivision America
9 (RLIN) 10386
700 ## - ADDED ENTRY--PERSONAL NAME
Personal name Roche, R. John
9 (RLIN) 10381
942 ## - ADDED ENTRY ELEMENTS (KOHA)
Source of classification or shelving scheme Dewey Decimal Classification
Koha item type English Books
Classification part 320.10973
Call number suffix AME
Holdings
Withdrawn status Lost status Damaged status Not for loan Home library Current library Date acquired Source of acquisition Cost, normal purchase price Total Checkouts Full call number Barcode Date last seen Copy number Cost, replacement price Price effective from Koha item type Public note
Written off       Central Library Central Library 16/06/2015 Cen Lib/Ret 0.00   320.10973 ROC 841145 16/06/2015 1 0.00 16/06/2015 English Books W/d List No. 3393/3:Dtd 03/04/21

© Delhi Public Library
Hit Counter
free hit counter